Pompeya : (Record no. 164513)

MARC details
000 -LEADER
campo de control de longitud fija 00883nam a22002175i 4500
001 - NÚMERO DE CONTROL
campo de control 164513
003 - IDENTIFICADOR DE NÚMERO DE CONTROL
campo de control ES-MaACL
005 - FECHA Y HORA DE LA ÚLTIMA TRANSACCIÓN
campo de control 20251011063150.0
008 - DATOS DE LONGITUD FIJA--INFORMACIÓN GENERAL
campo de control de longitud fija 930104s1886 sp |||| | spa d
080 ## - NÚMERO DE LA CLASIFICACIÓN DECIMAL UNIVERSAL
Número de la Clasificación Decimal Universal 821.134.2-31"18"
100 0# - ENTRADA PRINCIPAL--NOMBRE DE PERSONA
Nombre de persona San Martín, Antonio de,
Fechas asociadas al nombre 1841-1887
9 (RLIN) 102257
245 10 - MENCIÓN DEL TÍTULO
Título Pompeya :
Resto del título la ciudad desenterrada : novela histórica /
Mención de responsabilidad, etc. por Antonio de San Martín.
260 ## - PUBLICACIÓN, DISTRIBUCIÓN, ETC.
Lugar de publicación, distribución, etc. Madrid :
Nombre del editor, distribuidor, etc. Urbano Manini,
Fecha de publicación, distribución, etc. [ca. 1886] (
Fabricante Imp. de José A. Muñoz y Cª)
300 ## - DESCRIPCIÓN FÍSICA
Extensión 271 p. ;
Dimensiones 18 cm.
530 ## - NOTA DISPONIBLE DE FORMULARIO FÍSICO ADICIONAL
Nota de formato físico adicional disponible Disponible en formato digital.
596 ## - NOTA AL PIE DE IMPRENTA
NOTA AL PIE DE IMPRENTA Palau lo data ca. 1886.
651 #4 - PUNTO DE ACCESO ADICIONAL DE MATERIA--NOMBRE GEOGRÁFICO
Nombre geográfico Pompeya (Ciudad desaparecida)-
Subdivisión de forma Novelas.
9 (RLIN) 173248
852 ## - LOCALIZACIÓN
Ubicación ES-MaACL
Número de control de estantería D-3148
Nota libre - Rúst. deteriorada
-- - Legado Modesto de la Fuente
856 ## - LOCALIZACIÓN Y ACCESO ELECTRÓNICOS
Identificador Uniforme de Recursos <a href="http://bdh-rd.bne.es/viewer.vm?id=0000107343&page=1 ">http://bdh-rd.bne.es/viewer.vm?id=0000107343&page=1 </a>
Nota pública Biblioteca Digital Hispánica
Holdings
Estatus retirado Estado de pérdida Estado de daño No para préstamo Colección Biblioteca de origen Biblioteca actual Ubicación en estantería Fecha de adquisición Fuente de adquisición Total de préstamos Signatura topográfica completa Código de barras Visto por última vez Precio de reemplazo Tipo de ítem Koha
        Colección digital Biblioteca del Ateneo de Madrid Biblioteca del Ateneo de Madrid Sala Valle Inclán 17/01/2008     D-3148 901172448 23/02/2023 23/02/2023 Libro impreso antiguo